[Event "First Saturday 2011 marcius FM-A"]
[Site "Budapest"]
[Date "2011.03.05"]
[Round "1"]
[White "Tran, Minh Trang"]
[Black "Borda, Lajos"]
[Result "1/2-1/2"]
[WhiteElo "2077"]
[BlackElo "2135"]
[PlyCount "82"]
[EventDate "2011.03.05"]

1. d4 Nf6 2. Bf4 g6 3. e3 Bg7 4. Nf3 d6 5. Be2 O-O 6. h3 c6 7. O-O Nbd7 8. Nbd2
Re8 9. c3 e5 10. dxe5 dxe5 11. Bh2 e4 12. Nd4 Ne5 13. Nc4 Nd5 14. Qb3 Qe7 15.
Rad1 Nxc4 16. Bxc4 Nb6 17. a4 Nxc4 18. Qxc4 Be5 19. b4 Bxh2+ 20. Kxh2 Bd7 21.
a5 Rac8 22. Ne2 a6 23. Qd4 Bf5 24. Ng3 c5 25. Qd5 Be6 26. Qxe4 cxb4 27. Qxb4
Qc7 28. Kg1 f5 29. Rd6 Bc4 30. Rfd1 Bb5 31. h4 Qxc3 32. Qf4 Rc4 33. R1d4 Rxd4
34. Rxd4 Qc5 35. h5 Qe5 36. hxg6 hxg6 37. Qg5 Kf7 38. Rh4 Qa1+ 39. Kh2 Rh8 40.
e4 Rxh4+ 41. Qxh4 fxe4 1/2-1/2

[Event "First Saturday 2011 marcius FM-A"]
[Site "Budapest"]
[Date "2011.03.05"]
[Round "1"]
[White "Tessedik, Karoly"]
[Black "Csomor, Viktor"]
[Result "1/2-1/2"]
[WhiteElo "1883"]
[BlackElo "2081"]
[PlyCount "116"]
[EventDate "2011.03.05"]

1. d4 d5 2. c4 e6 3. Nc3 c6 4. cxd5 exd5 5. g3 Nf6 6. Bg2 Bd6 7. Nh3 O-O 8. O-O
Re8 9. Nf4 Bf5 10. Re1 Ne4 11. f3 Ng5 12. e4 dxe4 13. fxe4 Bd7 14. Be3 Qc8 15.
e5 Bf8 16. Rc1 Bg4 17. Qb3 Nf3+ 18. Bxf3 Bxf3 19. Rf1 Bg4 20. Ne4 h6 21. Nf2
Bf5 22. h3 Nd7 23. g4 Bh7 24. Rce1 c5 25. Qd5 Nb6 26. Qf3 Nc4 27. e6 fxe6 28.
d5 Nxe3 29. Rxe3 exd5 30. Qxd5+ Kh8 31. Rfe1 Rxe3 32. Rxe3 Qc6 33. Qf7 Qf6 34.
Qxf6 gxf6 35. Nh5 Bg6 36. Nxf6 Bg7 37. N6e4 Bd4 38. Re2 Re8 39. Kf1 Rf8 40. Kg2
Re8 41. Kf1 Bf7 42. Nd6 Rxe2 43. Nxf7+ Kg7 44. Kxe2 Kxf7 45. Ne4 Ke6 46. b3 b6
47. Ng3 Be5 48. Ne4 Kd5 49. Kd3 b5 50. Nd2 Bf4 51. Nf3 c4+ 52. bxc4+ bxc4+ 53.
Kc3 Bc7 54. Nh4 Be5+ 55. Kc2 Ke4 56. Nf5 h5 57. Ne7 h4 58. Nc6 Bf6 1/2-1/2

[Event "First Saturday 2011 marcius FM-A"]
[Site "Budapest"]
[Date "2011.03.05"]
[Round "1"]
[White "Kiraly, Zoltan"]
[Black "Mayer, Istvan"]
[Result "1-0"]
[WhiteElo "2074"]
[BlackElo "2023"]
[PlyCount "49"]
[EventDate "2011.03.05"]

1. d4 d5 2. c4 dxc4 3. Nf3 a6 4. e3 Nf6 5. Bxc4 b5 6. Bd3 Bb7 7. O-O e6 8. a4
b4 9. Nbd2 Nbd7 10. Qe2 c5 11. Rd1 Qc7 12. dxc5 Bxc5 13. Nb3 Bd6 14. e4 O-O 15.
Bg5 Bf4 16. Bxf4 Qxf4 17. Rac1 a5 18. Qd2 Qg4 19. h3 Qh5 20. Rc7 Rab8 21. Qf4
h6 22. Bb1 e5 23. Qe3 Rfc8 24. Rdc1 Ra8 25. Rxb7 1-0

[Event "First Saturday 2011 marcius FM-A"]
[Site "Budapest"]
[Date "2011.03.05"]
[Round "1"]
[White "Darazs, Zoltan"]
[Black "Szendeff, Miklos"]
[Result "1-0"]
[WhiteElo "2218"]
[BlackElo "1854"]
[PlyCount "59"]
[EventDate "2011.03.05"]

1. e4 c6 2. d4 d5 3. exd5 cxd5 4. c4 Nf6 5. Nc3 Bf5 6. Qb3 Nc6 7. cxd5 Na5 8.
Bb5+ Nd7 9. Qd1 a6 10. Be2 b5 11. b4 Qc7 12. Nxb5 axb5 13. bxa5 Bc2 14. Qd2 Ba4
15. Ba3 Nf6 16. Bf3 Rd8 17. Rc1 Qd7 18. d6 Rc8 19. Rxc8+ Qxc8 20. dxe7 Bxe7 21.
Bxe7 Kxe7 22. Qb4+ Kd7 23. Ne2 Qc4 24. Qxc4 bxc4 25. Nc3 Re8+ 26. Kd2 Bc6 27.
Bxc6+ Kxc6 28. Rb1 Nd5 29. Nxd5 Kxd5 30. Kc3 1-0

[Event "First Saturday 2011 marcius FM-A"]
[Site "Budapest"]
[Date "2011.03.05"]
[Round "1"]
[White "Schenkerik, Csaba"]
[Black "Juracsik, Jozsef"]
[Result "1-0"]
[WhiteElo "2136"]
[BlackElo "2228"]
[PlyCount "71"]
[EventDate "2011.03.05"]

1. e4 c5 2. Nf3 d6 3. d4 cxd4 4. Nxd4 Nf6 5. Nc3 a6 6. Bc4 e6 7. Bb3 b5 8. Bg5
Be7 9. Qf3 Qc7 10. O-O-O O-O 11. e5 Bb7 12. exf6 Bxf3 13. fxe7 Bxd1 14. Nxe6
Qxe7 15. Bxe7 Re8 16. Nc7 Rxe7 17. Nxa8 Bh5 18. Nb6 b4 19. Nbd5 Rb7 20. Ne4 Kf8
21. Nxd6 Rd7 22. Nf5 Nc6 23. Nf4 Bg4 24. Ne3 Rd4 25. Nxg4 Rxf4 26. f3 h5 27.
Nf2 a5 28. Re1 Rf5 29. Ba4 Ne7 30. Nd3 f6 31. Re6 h4 32. h3 Ng6 33. Re8+ Kf7
34. Re4 Kf8 35. c4 bxc3 36. bxc3 1-0

[Event "First Saturday 2011 marcius FM-A"]
[Site "Budapest"]
[Date "2011.03.05"]
[Round "1"]
[White "Farkas, Richard"]
[Black "Zala, Gyula"]
[Result "1-0"]
[WhiteElo "2001"]
[BlackElo "2074"]
[PlyCount "69"]
[EventDate "2011.03.05"]

1. e4 g6 2. d4 Bg7 3. g3 c5 4. c3 b6 5. Bg2 Bb7 6. Ne2 h5 7. O-O h4 8. f4 hxg3
9. hxg3 Na6 10. Nd2 b5 11. a4 b4 12. d5 Nc7 13. Nf3 d6 14. c4 Ba6 15. Qc2 Rb8
16. Bd2 Bc8 17. Rae1 b3 18. Qb1 Na6 19. Bc3 Nf6 20. Ng5 Nb4 21. Bxb4 Rxb4 22.
Qd3 Ba6 23. Rc1 Ng4 24. e5 dxe5 25. Ne6 fxe6 26. Qxg6+ Kf8 27. fxe5+ Nf6 28.
Nf4 Bc8 29. dxe6 Qe8 30. Bc6 Qxg6 31. Nxg6+ Kg8 32. exf6 Bxf6 33. Rxf6 Kg7 34.
Nxh8 Kxf6 35. Bd7 1-0

[Event "First Saturday 2011 marcius FM-A"]
[Site "Budapest"]
[Date "2011.03.06"]
[Round "2"]
[White "Borda, Lajos"]
[Black "Zala, Gyula"]
[Result "1-0"]
[WhiteElo "2135"]
[BlackElo "2074"]
[PlyCount "67"]
[EventDate "2011.03.05"]

1. e4 e5 2. Bc4 d5 3. Bxd5 Nf6 4. Bb3 Nxe4 5. Qe2 Nd6 6. d4 e4 7. Nc3 Be7 8.
Nxe4 O-O 9. Nxd6 Qxd6 10. Be3 Nc6 11. c3 Qg6 12. f4 Bf5 13. O-O-O Na5 14. Bc2
Rfe8 15. Nf3 Bxc2 16. Qxc2 Qe6 17. Rhe1 Qxa2 18. Nd2 Bd6 19. g3 b5 20. Qb1 Qd5
21. Qd3 Nc4 22. Bg1 a5 23. Qf3 Qxf3 24. Nxf3 a4 25. Rxe8+ Rxe8 26. Re1 Ra8 27.
d5 a3 28. bxa3 Bxa3+ 29. Kc2 Bd6 30. Kd3 f6 31. Rb1 Na3 32. Rb3 Ra5 33. Nd4 Bc5
34. Nc6 1-0

[Event "First Saturday 2011 marcius FM-A"]
[Site "Budapest"]
[Date "2011.03.06"]
[Round "2"]
[White "Juracsik, Jozsef"]
[Black "Farkas, Richard"]
[Result "1-0"]
[WhiteElo "2228"]
[BlackElo "2001"]
[PlyCount "83"]
[EventDate "2011.03.05"]

1. e4 e5 2. Nf3 Nc6 3. d4 exd4 4. Nxd4 d6 5. Bb5 Bd7 6. Nc3 Nf6 7. O-O Be7 8.
Be2 O-O 9. f4 Nxd4 10. Qxd4 Bc6 11. Bf3 Nd7 12. Nd5 Bf6 13. Qd1 Re8 14. Re1 Nb6
15. Nb4 Bb5 16. c3 a5 17. Nc2 a4 18. Na3 Bc6 19. Bd2 Nd7 20. Qc2 Nc5 21. Re3
Qd7 22. Rae1 Rab8 23. Kh1 b5 24. R3e2 g6 25. Re3 Bg7 26. Qd1 Qe6 27. Qb1 Nd7
28. Nc2 Ba8 29. Nb4 Nb6 30. Nd5 Bxd5 31. exd5 Qd7 32. b3 Rxe3 33. Rxe3 Re8 34.
Rxe8+ Qxe8 35. Qd3 axb3 36. axb3 Qa8 37. Qb1 Qa3 38. h3 Qc5 39. Qe1 Nxd5 40.
Qe8+ Bf8 41. f5 Nxc3 42. Bd5 1-0

[Event "First Saturday 2011 marcius FM-A"]
[Site "Budapest"]
[Date "2011.03.06"]
[Round "2"]
[White "Szendeff, Miklos"]
[Black "Schenkerik, Csaba"]
[Result "1/2-1/2"]
[WhiteElo "1854"]
[BlackElo "2136"]
[PlyCount "47"]
[EventDate "2011.03.05"]

1. e4 c5 2. Nf3 Nc6 3. c3 Nf6 4. e5 Nd5 5. d4 cxd4 6. cxd4 d6 7. exd6 Qxd6 8.
Nc3 g6 9. Qb3 Nxc3 10. bxc3 Qe6+ 11. Be3 Qxb3 12. axb3 Bg7 13. Bc4 O-O 14. O-O
Bg4 15. Ng5 a6 16. f3 Bf5 17. Ne4 Rad8 18. Ra2 Nb8 19. Nc5 Bc8 20. f4 Nd7 21.
Nxd7 Bxd7 22. Bd5 Bb5 23. Bc4 Bc6 24. f5 1/2-1/2

[Event "First Saturday 2011 marcius FM-A"]
[Site "Budapest"]
[Date "2011.03.06"]
[Round "2"]
[White "Mayer, Istvan"]
[Black "Darazs, Zoltan"]
[Result "1/2-1/2"]
[WhiteElo "2023"]
[BlackElo "2218"]
[PlyCount "27"]
[EventDate "2011.03.05"]

1. e4 e5 2. Nf3 Nc6 3. Bb5 a6 4. Ba4 Nf6 5. O-O b5 6. Bb3 Be7 7. c3 O-O 8. h3
h6 9. Re1 d6 10. d4 Bb7 11. Nbd2 Re8 12. Nf1 Bf8 13. Ng3 g6 14. a4 1/2-1/2

[Event "First Saturday 2011 marcius FM-A"]
[Site "Budapest"]
[Date "2011.03.06"]
[Round "2"]
[White "Tran, Minh Trang"]
[Black "Tessedik, Karoly"]
[Result "1-0"]
[WhiteElo "2077"]
[BlackElo "1883"]
[PlyCount "22"]
[EventDate "2011.03.05"]

1. d4 Nf6 2. Bf4 g6 3. e3 Bg7 4. Nf3 O-O 5. Be2 d6 6. O-O c5 7. c3 b6 8. Nbd2
Bb7 9. h3 Nbd7 10. Re1 cxd4 11. exd4 Ne4 {Mobil} 1-0

[Event "First Saturday 2011 marcius FM-A"]
[Site "Budapest"]
[Date "2011.03.07"]
[Round "3"]
[White "Tessedik, Karoly"]
[Black "Borda, Lajos"]
[Result "1/2-1/2"]
[WhiteElo "1883"]
[BlackElo "2135"]
[PlyCount "75"]
[EventDate "2011.03.05"]

1. d4 Nf6 2. c4 g6 3. Nc3 Bg7 4. e4 d6 5. f3 e6 6. Be3 Nc6 7. Qd2 Qe7 8. Bd3
O-O 9. Nge2 Nd7 10. h4 Nb4 11. Bb1 c5 12. h5 cxd4 13. Nxd4 Ne5 14. b3 Nbc6 15.
hxg6 fxg6 16. Nxc6 bxc6 17. Bc2 Rxf3 18. O-O-O Rxe3 19. Qxe3 Ng4 20. Qh3 Bxc3
21. Qxg4 d5 22. Rd3 Bf6 23. e5 Bg5+ 24. Kd1 dxc4 25. Rd6 c5 26. Qxc4 Rb8 27.
Rh3 Bd7 28. Bd3 Rc8 29. Qc2 Kg7 30. Qe2 Rc6 31. Rxc6 Bxc6 32. Be4 Qb7 33. Bxc6
Qxc6 34. Rd3 c4 35. Rd6 Qc5 36. Rd7+ Kh6 37. bxc4 Bf4 38. Qe4 {after 9 move}
1/2-1/2

[Event "First Saturday 2011 marcius FM-A"]
[Site "Budapest"]
[Date "2011.03.07"]
[Round "3"]
[White "Kiraly, Zoltan"]
[Black "Tran, Minh Trang"]
[Result "1/2-1/2"]
[WhiteElo "2074"]
[BlackElo "2077"]
[PlyCount "93"]
[EventDate "2011.03.05"]

1. d4 e6 2. Nf3 f5 3. Bg5 Nf6 4. e3 Be7 5. Bd3 d5 6. O-O O-O 7. Nbd2 Nbd7 8. c4
c6 9. a3 Ne4 10. Bxe7 Qxe7 11. Qe2 b6 12. cxd5 cxd5 13. Rac1 Qd6 14. Rc2 Bb7
15. Rfc1 Rfc8 16. Ba6 Rxc2 17. Rxc2 Bc6 18. Qf1 Rf8 19. Qc1 Nb8 20. Bd3 f4 21.
Ne5 Nc5 22. Ndf3 Nxd3 23. Nxd3 Ba4 24. Rc8 fxe3 25. fxe3 Nc6 26. Rxf8+ Kxf8 27.
Nfe5 Nxe5 28. Nxe5 Be8 29. Qc2 g6 30. Qf2+ Kg7 31. Ng4 Qe7 32. Qf4 h5 33. Qe5+
Kg8 34. Nf2 Bb5 35. Nh3 Qf7 36. Nf4 Bd7 37. Qb8+ Be8 38. Qc8 g5 39. Nxe6 Qg6
40. Nc7 Qb1+ 41. Kf2 Qc2+ 42. Kg3 h4+ 43. Kh3 Kh7 44. Qe6 Bg6 45. Qe7+ Kh6 46.
Qf8+ Kh7 47. Qe7+ 1/2-1/2

[Event "First Saturday 2011 marcius FM-A"]
[Site "Budapest"]
[Date "2011.03.07"]
[Round "3"]
[White "Darazs, Zoltan"]
[Black "Csomor, Viktor"]
[Result "0-1"]
[WhiteElo "2218"]
[BlackElo "2081"]
[PlyCount "58"]
[EventDate "2011.03.05"]

1. e4 e6 2. d4 d5 3. Nc3 Nf6 4. e5 Nfd7 5. f4 c5 6. Nf3 Nc6 7. Be3 Qb6 8. Na4
Qa5+ 9. c3 cxd4 10. b4 Nxb4 11. cxb4 Bxb4+ 12. Bd2 Bxd2+ 13. Nxd2 b6 14. Qb3
Ba6 15. Bxa6 Qxa6 16. Rb1 Rc8 17. Kf2 O-O 18. Qb5 Qxb5 19. Rxb5 Rc2 20. Rb2
Rfc8 21. Rhb1 b5 22. Rxc2 Rxc2 23. Rb2 d3 24. Ke3 bxa4 25. Rb7 Nf8 26. a3 Ra2
27. Rxa7 Rxa3 28. Nf3 h6 29. g4 d2+ 0-1

[Event "First Saturday 2011 marcius FM-A"]
[Site "Budapest"]
[Date "2011.03.07"]
[Round "3"]
[White "Schenkerik, Csaba"]
[Black "Mayer, Istvan"]
[Result "1/2-1/2"]
[WhiteElo "2136"]
[BlackElo "2023"]
[PlyCount "23"]
[EventDate "2011.03.05"]

1. d4 d5 2. Bf4 Nf6 3. e3 e6 4. c3 Bd6 5. Bxd6 Qxd6 6. Nf3 c5 7. Nbd2 Nc6 8.
Be2 O-O 9. O-O e5 10. dxe5 Nxe5 11. Nxe5 Qxe5 12. Nf3 1/2-1/2

[Event "First Saturday 2011 marcius FM-A"]
[Site "Budapest"]
[Date "2011.03.07"]
[Round "3"]
[White "Farkas, Richard"]
[Black "Szendeff, Miklos"]
[Result "1-0"]
[WhiteElo "2001"]
[BlackElo "1854"]
[PlyCount "69"]
[EventDate "2011.03.05"]

1. e4 c6 2. d4 d5 3. exd5 cxd5 4. Bd3 Nc6 5. c3 g6 6. Nf3 Bg7 7. Bf4 Nf6 8. O-O
O-O 9. Nbd2 Nh5 10. Be3 Qc7 11. Qb3 e6 12. Rfe1 Kh8 13. Rac1 f5 14. Nb1 Na5 15.
Qc2 Nc4 16. Bd2 Bd7 17. b3 Nxd2 18. Nbxd2 Rac8 19. Ne5 Nf4 20. Bf1 Be8 21. Ndf3
Qe7 22. g3 Nh5 23. Qd2 h6 24. c4 Qd8 25. Qb4 b6 26. Nd3 Nf6 27. Rxe6 dxc4 28.
bxc4 Bf7 29. Rd6 Qc7 30. Nfe5 Rfd8 31. Bg2 Kh7 32. Rc6 a5 33. Rxc7 axb4 34.
Rxc8 Rxc8 35. Nxf7 1-0

[Event "First Saturday 2011 marcius FM-A"]
[Site "Budapest"]
[Date "2011.03.07"]
[Round "3"]
[White "Zala, Gyula"]
[Black "Juracsik, Jozsef"]
[Result "0-1"]
[WhiteElo "2074"]
[BlackElo "2228"]
[PlyCount "68"]
[EventDate "2011.03.05"]

1. d4 Nf6 2. e3 c5 3. c3 b6 4. f4 Bb7 5. Nf3 g6 6. Be2 Bg7 7. O-O O-O 8. g3 d6
9. Ng5 h6 10. Nh3 Nbd7 11. Bf3 Bxf3 12. Qxf3 e5 13. Nf2 Qe7 14. fxe5 dxe5 15.
Nd2 cxd4 16. exd4 exd4 17. cxd4 Qd6 18. Nb3 Qd5 19. Qxd5 Nxd5 20. Ng4 f5 21.
Ne3 N7f6 22. Nxd5 Nxd5 23. Bd2 Rac8 24. Rac1 Rfe8 25. Rxc8 Rxc8 26. Rc1 Rxc1+
27. Bxc1 Kf7 28. Bd2 Ke6 29. Kf2 g5 30. Ke2 Nc7 31. Kd3 Kd5 32. Be3 Ne6 33. Bf2
f4 34. a3 g4 {after 35 move} 0-1

[Event "First Saturday 2011 marcius FM-A"]
[Site "Budapest"]
[Date "2011.03.08"]
[Round "4"]
[White "Borda, Lajos"]
[Black "Juracsik, Jozsef"]
[Result "1-0"]
[WhiteElo "2135"]
[BlackElo "2228"]
[PlyCount "39"]
[EventDate "2011.03.05"]

1. e4 c5 2. Nf3 d6 3. c3 Nf6 4. h3 Bd7 5. d3 g6 6. Be2 Bg7 7. O-O O-O 8. Be3 e5
9. Nh2 Nc6 10. Nd2 Be6 11. f4 exf4 12. Bxf4 Ne8 13. Ndf3 h6 14. Qd2 Kh7 15. Be3
f5 16. exf5 gxf5 17. Bd1 Qf6 18. Qf2 Rg8 19. Nh4 Ne7 20. Bc2 {after 15 move}
1-0

[Event "First Saturday 2011 marcius FM-A"]
[Site "Budapest"]
[Date "2011.03.08"]
[Round "4"]
[White "Szendeff, Miklos"]
[Black "Zala, Gyula"]
[Result "0-1"]
[WhiteElo "1854"]
[BlackElo "2074"]
[PlyCount "52"]
[EventDate "2011.03.05"]

1. e4 e5 2. Nf3 d5 3. exd5 Bd6 4. d4 e4 5. Ne5 Qe7 6. Bb5+ Nd7 7. Bxd7+ Bxd7 8.
Nxd7 Qxd7 9. O-O f5 10. c4 b6 11. Nc3 Nf6 12. Qa4 Qxa4 13. Nxa4 b5 14. cxb5
Nxd5 15. Nc5 O-O 16. a4 Nb4 17. Bd2 Nc2 18. Rad1 Nxd4 19. Nb7 Be5 20. Bb4 Rfb8
21. Na5 a6 22. Nc4 Bf6 23. Ba5 axb5 24. Bxc7 bxc4 25. Bxb8 Rxb8 26. Rd2 Ra8 0-1

[Event "First Saturday 2011 marcius FM-A"]
[Site "Budapest"]
[Date "2011.03.08"]
[Round "4"]
[White "Mayer, Istvan"]
[Black "Farkas, Richard"]
[Result "0-1"]
[WhiteElo "2023"]
[BlackElo "2001"]
[PlyCount "60"]
[EventDate "2011.03.05"]

1. e4 e6 2. d4 d5 3. e5 c5 4. c3 Qb6 5. Nf3 Bd7 6. a4 Nc6 7. Be2 Be7 8. O-O f6
9. dxc5 Bxc5 10. a5 Qc7 11. b4 Be7 12. exf6 Nxf6 13. a6 b6 14. Na3 Rc8 15. Nb5
Qb8 16. Bg5 O-O 17. Bh4 Ne4 18. Bd3 Bxh4 19. Nxh4 Ne5 20. Bxe4 dxe4 21. Nd6
Rxc3 22. Nxe4 Rc4 23. Ng5 Rxh4 24. g3 h6 25. gxh4 hxg5 26. f3 Bb5 27. Rf2 gxh4
28. Ra3 Qe8 29. f4 Nd3 30. Rxd3 Qg6+ 0-1

[Event "First Saturday 2011 marcius FM-A"]
[Site "Budapest"]
[Date "2011.03.08"]
[Round "4"]
[White "Csomor, Viktor"]
[Black "Schenkerik, Csaba"]
[Result "1-0"]
[WhiteElo "2081"]
[BlackElo "2136"]
[PlyCount "79"]
[EventDate "2011.03.05"]

1. d4 g6 2. c4 Bg7 3. Nc3 d6 4. e4 Nf6 5. Nge2 O-O 6. Ng3 c6 7. Be2 a6 8. a4 a5
9. h4 h5 10. Be3 Qb6 11. Qd2 Ng4 12. Bxg4 Bxg4 13. O-O Na6 14. f3 Bd7 15. Rad1
Qb3 16. Bh6 f6 17. Bxg7 Kxg7 18. e5 dxe5 19. dxe5 Be6 20. exf6+ exf6 21. Rfe1
Rad8 22. Qe3 Rxd1 23. Rxd1 Re8 24. Nge4 Re7 25. Qd4 Rf7 26. Ng5 Qxc4 27. Qxc4
Bxc4 28. Nxf7 Bxf7 29. Ne4 Bd5 30. Nc3 Be6 31. Rd8 Kf7 32. Ne4 Ke7 33. Rh8 Bf7
34. Rh7 Ke6 35. Kf2 b6 36. Nd6 Bg8 37. Rg7 Kxd6 38. Rxg8 Nc5 39. Rxg6 Ke6 40.
g4 1-0

[Event "First Saturday 2011 marcius FM-A"]
[Site "Budapest"]
[Date "2011.03.08"]
[Round "4"]
[White "Tran, Minh Trang"]
[Black "Darazs, Zoltan"]
[Result "1/2-1/2"]
[WhiteElo "2077"]
[BlackElo "2218"]
[PlyCount "143"]
[EventDate "2011.03.05"]

1. d4 g6 2. Bf4 Bg7 3. e3 Nf6 4. Nf3 O-O 5. Be2 c5 6. c3 Qb6 7. Qb3 d6 8. Nbd2
Be6 9. Bc4 Qxb3 10. axb3 Bxc4 11. bxc4 Nh5 12. Bg5 Re8 13. h3 Nd7 14. O-O h6
15. Bh4 g5 16. g4 Nhf6 17. Bg3 Rec8 18. Rfe1 Nb6 19. d5 Nbd7 20. e4 Ne8 21. e5
dxe5 22. Nxe5 Nxe5 23. Bxe5 Bxe5 24. Rxe5 Kf8 25. Kg2 Nd6 26. Kg3 Re8 27. f4
gxf4+ 28. Kxf4 a6 29. h4 b5 30. b3 bxc4 31. Nxc4 Nxc4 32. bxc4 a5 33. g5 hxg5+
34. Rxg5 f6 35. Rg6 Kf7 36. Rag1 Rg8 37. h5 Rxg6 38. hxg6+ Kg7 39. Kf5 a4 40.
Ke6 Ra7 41. d6 exd6 42. Kxd6 a3 43. Kxc5 a2 44. Ra1 Kxg6 45. Kb6 Ra3 46. c5 Kf7
47. c6 Ke7 48. c4 Rb3+ 49. Kc7 Rb2 50. c5 f5 51. Re1+ Kf7 52. Kd7 Rb1 53. Re7+
Kf6 54. Re6+ Kg5 55. c7 a1=Q 56. c8=Q Qa7+ 57. Kd6 Rd1+ 58. Kc6 Qa4+ 59. Kb6
Rb1+ 60. Kc7 Qa5+ 61. Kd7 Qa7+ 62. Kd6 Rb8 63. Qd7 Rb7 64. Qd8+ Kg4 65. Rg6+
Kf3 66. Qc8 Rf7 67. Qc6+ Kf4 68. Re6 Rg7 69. Qb5 Qc7+ 70. Kd5 Qd8+ 71. Rd6 Qg8+
72. Re6 1/2-1/2

[Event "First Saturday 2011 marcius FM-A"]
[Site "Budapest"]
[Date "2011.03.08"]
[Round "4"]
[White "Tessedik, Karoly"]
[Black "Kiraly, Zoltan"]
[Result "0-1"]
[WhiteElo "1883"]
[BlackElo "2074"]
[PlyCount "80"]
[EventDate "2011.03.05"]

1. d4 d5 2. c4 c6 3. Nf3 Nf6 4. Nc3 dxc4 5. a4 Bf5 6. Nh4 Bg4 7. h3 Bh5 8. Nf3
e6 9. e3 Bb4 10. Bxc4 O-O 11. Qb3 Qe7 12. Bd2 c5 13. dxc5 Bxc5 14. Ne5 Rd8 15.
g4 Bg6 16. Nxg6 hxg6 17. g5 Ne8 18. Ne4 Nc6 19. h4 Ne5 20. Be2 Rac8 21. f4 Nc6
22. h5 Bb4 23. hxg6 Bxd2+ 24. Nxd2 fxg6 25. Nf3 Nd6 26. Kf2 Ne4+ 27. Kg2 Na5
28. Qb5 Rd5 29. Rac1 Rxc1 30. Rxc1 Rxb5 31. Rc8+ Kh7 32. axb5 Nd6 33. Ra8 Nac4
34. Bd3 Nxe3+ 35. Kf2 Ndf5 36. Ne5 Nd1+ 37. Ke2 Nxb2 38. Be4 Ng3+ 39. Kf3 Qa3+
40. Nd3 Nxe4 0-1

[Event "First Saturday 2011 marcius FM-A"]
[Site "Budapest"]
[Date "2011.03.09"]
[Round "5"]
[White "Kiraly, Zoltan"]
[Black "Borda, Lajos"]
[Result "1/2-1/2"]
[WhiteElo "2074"]
[BlackElo "2135"]
[PlyCount "53"]
[EventDate "2011.03.05"]

1. d4 Nf6 2. c4 g6 3. Nc3 Bg7 4. e4 d6 5. Nge2 e5 6. d5 Nh5 7. Ng3 Nxg3 8. hxg3
Nd7 9. Be3 Nf6 10. Be2 h5 11. Bg5 Bd7 12. Qd2 Qc8 13. O-O-O Ng4 14. Bxg4 Bxg4
15. f3 Bd7 16. Kb1 b6 17. g4 f6 18. gxh5 gxh5 19. Be3 Qa6 20. b3 Ke7 21. Rh4
Rag8 22. Rdh1 Be8 23. g4 hxg4 24. fxg4 Bg6 25. g5 f5 26. Rxh8 Rxh8 27. Rxh8
1/2-1/2

[Event "First Saturday 2011 marcius FM-A"]
[Site "Budapest"]
[Date "2011.03.09"]
[Round "5"]
[White "Darazs, Zoltan"]
[Black "Tessedik, Karoly"]
[Result "1-0"]
[WhiteElo "2218"]
[BlackElo "1883"]
[PlyCount "67"]
[EventDate "2011.03.05"]

1. e4 c5 2. Nf3 d6 3. d4 cxd4 4. Nxd4 Nf6 5. Nc3 a6 6. Bg5 e6 7. f4 h6 8. Bh4
Nbd7 9. Qf3 e5 10. Bxf6 Nxf6 11. Nb3 Bg4 12. Qe3 exf4 13. Qxf4 Be7 14. h3 Be6
15. O-O-O Nd5 16. Qf3 Nxc3 17. Qxc3 O-O 18. Nd4 Bd7 19. Bc4 Rc8 20. Qb3 Qc7 21.
Bd5 b5 22. Rhf1 Bf6 23. Rxf6 gxf6 24. Qg3+ Kh7 25. Qf4 Rg8 26. Qxf6 Be6 27.
Bxe6 fxe6 28. Qxe6 Rg6 29. Qf5 Qc5 30. Qf7+ Rg7 31. Qxg7+ Kxg7 32. Ne6+ Kf6 33.
Nxc5 dxc5 34. Rd6+ 1-0

[Event "First Saturday 2011 marcius FM-A"]
[Site "Budapest"]
[Date "2011.03.09"]
[Round "5"]
[White "Schenkerik, Csaba"]
[Black "Tran, Minh Trang"]
[Result "1-0"]
[WhiteElo "2136"]
[BlackElo "2077"]
[PlyCount "69"]
[EventDate "2011.03.05"]

1. e4 e6 2. d4 d5 3. Nc3 dxe4 4. Nxe4 Bd7 5. Nf3 Bc6 6. Bd3 Nd7 7. O-O Ngf6 8.
Ng3 Be7 9. b3 O-O 10. Bb2 b6 11. c4 Qc8 12. Ne5 Nxe5 13. dxe5 Nd7 14. Re1 Rd8
15. Qg4 Nf8 16. Rad1 Qb7 17. h4 Ng6 18. h5 Nh4 19. h6 g6 20. Ne4 Rd7 21. Ba3
Nxg2 22. Bxe7 Nxe1 23. Nf6+ Kh8 24. Nxd7 Nf3+ 25. Qxf3 Bxf3 26. Bf6+ Kg8 27.
Bg7 f5 28. Nf6+ Kf7 29. Be4 Bxd1 30. Bxb7 Rd8 31. Nxh7 Bc2 32. Ng5+ Kg8 33. h7+
Kxg7 34. Nxe6+ Kxh7 35. Nxd8 1-0

[Event "First Saturday 2011 marcius FM-A"]
[Site "Budapest"]
[Date "2011.03.09"]
[Round "5"]
[White "Farkas, Richard"]
[Black "Csomor, Viktor"]
[Result "1/2-1/2"]
[WhiteElo "2001"]
[BlackElo "2081"]
[PlyCount "34"]
[EventDate "2011.03.05"]

1. e4 e6 2. d4 d5 3. Nc3 Nf6 4. Bg5 Bb4 5. e5 h6 6. Bd2 Bxc3 7. bxc3 Ne4 8. Qg4
Kf8 9. Bd3 Nxd2 10. Kxd2 c5 11. Nf3 c4 12. Be2 Nc6 13. h4 Ne7 14. h5 Bd7 15.
Nh4 b5 16. f4 Rb8 17. a3 a5 1/2-1/2

[Event "First Saturday 2011 marcius FM-A"]
[Site "Budapest"]
[Date "2011.03.09"]
[Round "5"]
[White "Zala, Gyula"]
[Black "Mayer, Istvan"]
[Result "0-1"]
[WhiteElo "2074"]
[BlackElo "2023"]
[PlyCount "64"]
[EventDate "2011.03.05"]

1. e4 e6 2. a3 d5 3. e5 c5 4. f4 Nc6 5. Nf3 a6 6. b4 cxb4 7. axb4 Bxb4 8. c3
Be7 9. d4 Rb8 10. Bd3 b5 11. O-O f5 12. g4 fxg4 13. Ng5 Nh6 14. h3 b4 15. Nxh7
bxc3 16. Bg6+ Kd7 17. Nxc3 Rb4 18. Be3 gxh3 19. f5 Qg8 20. Ng5 Bxg5 21. Bxg5
Rxd4 22. Qc1 exf5 23. Qa3 Qe6 24. Bxf5 Nxf5 25. Rxf5 Qxf5 26. Qd6+ Ke8 27.
Qxc6+ Bd7 28. Qa8+ Kf7 29. e6+ Kg6 30. Qxh8 Qxg5+ 31. Kf2 Qg2+ 32. Ke1 Qd2+ 0-1

[Event "First Saturday 2011 marcius FM-A"]
[Site "Budapest"]
[Date "2011.03.09"]
[Round "5"]
[White "Juracsik, Jozsef"]
[Black "Szendeff, Miklos"]
[Result "1/2-1/2"]
[WhiteElo "2228"]
[BlackElo "1854"]
[PlyCount "119"]
[EventDate "2011.03.05"]

1. e4 c6 2. d4 d5 3. Nc3 dxe4 4. Nxe4 Bf5 5. Ng3 Bg6 6. h4 h6 7. Nf3 Nd7 8. h5
Bh7 9. Bd3 Bxd3 10. Qxd3 Ngf6 11. Bd2 e6 12. O-O-O Qc7 13. Ne4 Nxe4 14. Qxe4
Nf6 15. Qe2 O-O-O 16. c4 c5 17. Be3 cxd4 18. Bxd4 Bc5 19. Bxc5 Qxc5 20. Ne5 Qc7
21. Kb1 Rxd1+ 22. Rxd1 Rd8 23. Rxd8+ Kxd8 24. f4 Ke8 25. a3 Qb6 26. g3 Qd4 27.
Ka2 Nd7 28. Nf3 Qd6 29. Qc2 f5 30. Qa4 a6 31. Ne5 Ke7 32. Ng6+ Kf7 33. Qa5 Qc5
34. Qc3 b5 35. cxb5 Qd5+ 36. Kb1 Qd1+ 37. Ka2 Qd5+ 38. Qb3 axb5 39. Qxd5 exd5
40. Kb3 Nf6 41. Kb4 Nxh5 42. Ne5+ Ke6 43. Kxb5 Nxg3 44. a4 Ne4 45. a5 g5 46. a6
Nd6+ 47. Kc6 Nc8 48. Kc7 Na7 49. Kb6 Nc8+ 50. Kc7 Na7 51. fxg5 hxg5 52. Nf3 g4
53. Nd4+ Ke5 54. Nc6+ Nxc6 55. Kxc6 g3 56. a7 g2 57. a8=Q g1=Q 58. Qh8+ Ke4 59.
Qe8+ Kd3 60. Qe5 1/2-1/2

[Event "First Saturday 2011 marcius FM-A"]
[Site "Budapest"]
[Date "2011.03.10"]
[Round "6"]
[White "Borda, Lajos"]
[Black "Szendeff, Miklos"]
[Result "1-0"]
[WhiteElo "2135"]
[BlackElo "1854"]
[PlyCount "74"]
[EventDate "2011.03.05"]

1. e4 c6 2. d4 d5 3. f3 g6 4. Be3 Bg7 5. Nc3 e6 6. Qd2 Nd7 7. exd5 exd5 8.
O-O-O Ndf6 9. Bd3 Be6 10. Nge2 Qa5 11. Kb1 O-O-O 12. g4 Ne8 13. Nc1 Nd6 14. Nb3
Qc7 15. Bf4 Qe7 16. Rhe1 Nc4 17. Qf2 g5 18. Bg3 Qb4 19. Bxc4 dxc4 20. a3 Qe7
21. Nc5 h5 22. h4 hxg4 23. hxg5 Qxg5 24. Rxe6 fxe6 25. Nxe6 Qf6 26. Nxd8 Kxd8
27. Be5 Qxf3 28. Qxf3 gxf3 29. Bxg7 Rh7 30. Be5 Ne7 31. Bf6 Rf7 32. Bxe7+ Kxe7
33. Rf1 Ke6 34. Kc1 Rf4 35. Kd2 Rxd4+ 36. Ke3 Rd7 37. Rxf3 b5 {after 26 move}
1-0